=LDR 00000nam 2200000 4500 =001 000208 =005 20250710105953 =035 ##$$a 0010-0725000010 =007 ta =008 250710################a##########0#ind## =020 ##$$a 978-623-472-404-2 =082 ##$$a 398.209 598 =084 ##$$a 398.209 598 APT k =100 #$$a Apte, Anupama Ajinkya =245 1#$$a Kotak Barang Gulli /$c Anupama Ajinkya Apte =250 ##$$a Cetakan Pertama =260 ##$$a Jakarta Timur :$b Badan Pengembangan dan Pembinaan Bahasa,$c 2024 =300 ##$$a 20 hlm. : $b ilus. ; $c 22,9 cm =650 #4$$a Cerita Anak Indonesia-Terjemahan =650 #4$$a Literasi-Bahan Bacaan =856 ##$$a TBM As Suhada =990 ##$$a TBM01990199